000 00674nam a2200217 a 4500
005 20210219160056.0
008 080723s1967 mx r 000 0 spa d
035 _aUPN01000158004
049 _aUNE
080 _a378 (5)=20 ENS Vol.2.
245 0 0 _aHigher education and development in South-East Asia
260 _aParís :
_bUNESCO :
_bIAU,
_c1967.
300 _av. ii, 615 p. :
_bil., map.
440 0 _aThe Development of higher education ;
_v2
690 _aEnseñanza superior - Asia
690 _aAsia - Enseñanza superior
700 1 _aHayden, Howard,
_ecoaut.
710 2 _aUNESCO
710 2 _aInternational Association of Universities
905 _aUNESCO
999 _c130118
_d130118